000 00562nam a22002177a 4500
003 UA-OsUOA
001 59285
007 ta
008 20090318b un ||||| |||| 00| 0 ukr d
100 _aКузнецов Ю.
090 _a82
_bК89
942 _cSA
040 _aUA-OsUOA
_bukr
_cUA-OsUOA
_dUA-OsUOA
245 _aТарас Шевченко і Михайло Коцюбинський
300 _aС.6
955 _a0
041 _aukr
080 _a82
773 0 _w59284
650 7 _a82 Література. Літературознавство
_2UDC
999 _c345371
_d345371